Kremnica

Zobrazenie: Pohľad v bielom orámovaní na námestie, resp. park plný mladých listnatých stromov na trávnatej ploche. Uprostred je vidno Morový stĺp sv. Trojice. Vľavo aj v pozadí vidno rad poschodvých meštianskych domov. V diaľke vidno hory

Bibliographic Details
Format: Postcard
Language:Slovak
PhysicalDescription:1 pohľadnica čiernobiela 14 x 9 cm
Published: [Slovensko?] [vydavateľ neznámy] [medzi 1920 a 1973?]
Subjects:

MARC

LEADER 00000nkm a2200000 a 4500
001 vtls011860231
003 SK-MaSNL
005 20260512125342.0
007 kp bo
008 230718q1920 xo g kuslo
015 |a SNBG 
035 |a urn:nbn:sk:snk-km00dsg5 
035 |a urn:nbn:sk:snk-km3lvdb 
035 |a 9D3A39E2-9CB7-4645-9A6D-9095ADE6023A 
040 |a SNK  |b slo  |c SNK  |e AACR2 
041 0 |a slo 
043 |a e-xo--- 
044 |a xo  |c SK 
072 7 |a 913  |x Regionálna geografia  |2 konspekt 
080 |a 913(437.6)  |2 2011 
080 |a 725.942  |2 2011 
080 |a (084.121)  |2 2011 
080 |a 72  |2 2011 
080 |a 711.61  |2 2011 
080 |a 712.253  |2 2011 
245 0 0 |a Kremnica  |h grafika 
260 |a [Slovensko?]  |b [vydavateľ neznámy]  |c [medzi 1920 a 1973?] 
300 |a 1 pohľadnica  |b čiernobiela  |c 14 x 9 cm 
520 8 |a Zobrazenie: Pohľad v bielom orámovaní na námestie, resp. park plný mladých listnatých stromov na trávnatej ploche. Uprostred je vidno Morový stĺp sv. Trojice. Vľavo aj v pozadí vidno rad poschodvých meštianskych domov. V diaľke vidno hory 
650 0 7 |a morové stĺpy  |2 SNKPH  |9 99210 
650 0 7 |a Mariánsky stĺp (Kremnica, Slovensko)  |2 SNKPH  |9 173958 
650 0 7 |a námestia  |2 SNKPH  |9 26291 
650 0 7 |a parky  |2 SNKPH  |9 2942 
651 7 |a Kremnica (Slovensko)  |2 SNKPHgeo  |9 26188 
655 7 |a miestne pohľadnice  |2 SNKPH  |9 70510 
852 |a Slovenská národná knižnica 
954 |a pohľadnice pôvodné (slovenské)  |2 lita 
958 |a OND 
958 |a GBN 
958 |a GC 
958 |a EUIPO 
999 |c 1032004  |d 1033934 
952 |a SNK  |b SNK  |y PREZ  |7 0  |p 17A1285742  |o snkSP 92427  |0 0  |1 0  |4 0  |d 2019-04-05  |f 1  |l 0  |r 2026-02-24 13:57:41  |w 2026-02-24